Quick Pick: Missing First Names in Sitcom Titles Quiz Stats

Quiz Updated Jul 21, 2016

Challenge
Share
Tweet
Embed
Score 0/12 Timer 01:00
0 Plays Today
% Correct
Malcolm
96.3%
Grace
95.1%
Raymond
94.8%
Lucy
93.8%
Earl
92.8%
Shirley
89.1%
Bob
85.4%
Drew
84.8%
Chris
81.5%
Murphy
81.2%
Jim
79.8%
Gary
79.1%

Today's Daily Dose

Missing Word
Fruity Song Titles

Quick Pick
Double Blanks

On This Day
June 22nd II

You're not logged in!

Compare scores with friends on all Sporcle quizzes.
Join for Free
OR
Log In

You Might Also Like...

Show Comments

Extras

Top Quizzes Today


Score Distribution

Your Account Isn't Verified!

In order to create a playlist on Sporcle, you need to verify the email address you used during registration. Go to your Sporcle Settings to finish the process.

Report this User

Report this user for behavior that violates our Community Guidelines.

Details: